01253nam a2200313Ia 4500001001200000003000800012006001900020007001500039008004100054010001700095020004000112020001800152020002600170040002100196035002100217050002200238100002000260245013100280260005800411300001400469504006600483533015200549650003400701650001500735655002900750710001700779856012600796999001700922ebr10579107CaPaEBRm u cr cn|||||||||040709s2005 nyu sb s001 0 eng d z 2004016063 z0791464555 (hardcover : alk. paper) z9780791464557 z9780791483251 (ebook) aCaPaEBRcCaPaEBR a(OCoLC)46144256014aBL41b.S49 2005eb1 aSharma, Arvind.10aReligious studies and comparative methodologyh[electronic resource] :bthe case for reciprocal illumination /cArvind Sharma. aAlbany :bState University of New York Press,cc2005. ax, 314 p. aIncludes bibliographical references (p. 255-297) and indexes. aElectronic reproduction.bPalo Alto, Calif. :cebrary,d2011.nAvailable via World Wide Web.nAccess may be limited to ebrary affiliated libraries. 0aReligionxStudy and teaching. 0aReligions. 7aElectronic books.2local2 aebrary, Inc.40uhttp://site.ebrary.com/lib/rucke/Doc?id=10579107zAn electronic book accessible through the World Wide Web; click to view c85653d85653